| Tag |
First Indicator |
Second Indicator |
Subfields |
| LEADER |
00000cam a2200000 4500 |
| 001 |
in00000045648 |
| 005 |
20151007075203.0 |
| 008 |
750805s1954 nyua 00000 eng u |
| 010 |
|
|
|a 54011870
|
| 035 |
|
|
|a (OCoLC)01512318
|
| 035 |
|
|
|9 AAF2785AM
|
| 040 |
|
|
|c FQG
|d TXA
|d UtOrBLW
|
| 049 |
|
|
|a TXAM
|c [245757]
|
| 050 |
0 |
0 |
|a QD561
|b .B32
|
| 082 |
0 |
|
|a 541.37
|
| 092 |
|
|
|a 541.37
|b B329e
|
| 100 |
1 |
|
|a Bates, Roger G.
|q (Roger Gordon),
|d 1912-
|
| 245 |
1 |
0 |
|a Electrometric pH determinations: theory and practice.
|
| 264 |
|
1 |
|a New York :
|b Wiley,
|c [1954]
|
| 300 |
|
|
|a 331 pages :
|b illustrations ;
|c 24 cm.
|
| 336 |
|
|
|a text
|b txt
|2 rdacontent
|
| 337 |
|
|
|a unmediated
|b n
|2 rdamedia
|
| 338 |
|
|
|a volume
|b nc
|2 rdacarrier
|
| 650 |
|
0 |
|a Hydrogen-ion concentration.
|
| 650 |
|
0 |
|a Electrochemistry.
|
| 999 |
|
|
|a MARS
|
| 999 |
f |
f |
|s b93aa332-6edc-3d35-ade2-4401c87638c8
|i 70a4f811-022e-352d-a607-c7c95122ef09
|t 0
|
| 952 |
f |
f |
|p normal
|a Texas A&M University
|b College Station
|c Sterling C. Evans Library
|d Evans: Library Stacks
|t 0
|e QD561 .B32
|h Library of Congress classification
|i unmediated -- volume
|m A14800937181
|
| 998 |
f |
f |
|a QD561 .B32
|t 0
|l Evans: Library Stacks
|